000 00800nam a2200241Ia 4500
003 OSt
005 20220923224147.0
006 a|||||r|||| 00| 0
007 ta
008 220922b |||||||| |||| 00| 0 hin d
024 _a226,765
037 _cTextual
040 _aARTS
_cARTS
_bhin
041 _2hin
_ahin
082 _aL:3, 152N3
100 _aगौड़, शिवकुमार
_9156272
245 0 _aआयुर्वेदीय शरीर क्रिया विज्ञानम्
246 _aĀyurvedīya sharīr kriyā vijnyānam
260 _aरोहतक
_b नाथ पुस्तक भण्डार
_c1973
300 _a48पृ.
_ccm.
942 _hL:3, 152N3
_cTEXL
_2CC
999 _c369621
_d369621